000 00636nam a2200217 i 4500
001 28463
003 ES-MaACL
005 20230906153847.0
007 t|
008 030117s1985 sp |||| | spa d
020 _a84-309-1139-1
100 1 _aBaena del Alcázar, Mariano.
_924589
245 1 0 _aCurso de ciencia de la administración /
_cMariano Baena del Alcázar.
260 _aMadrid :
_bTecnos,
_c1985.
300 _a1 v. ;
_c24 cm.
490 1 _aBiblioteca universitaria
650 0 4 _aAdministración pública.
_99646
830 0 _aBiblioteca universitaria
_9177461
852 _aES-MaACL
_jP-543
999 _c28463
_d28463